Festac remembered Cultural intolerance in Nigerian Nation

Guardat en:
Dades bibliogràfiques
Autor principal: ALAGOA, E.J
Format: Llibre
Idioma:anglès
Publicat: National Theatre 2007
Etiquetes: Afegir etiqueta
Sense etiquetes, Sigues el primer a etiquetar aquest registre!

MARC

LEADER 00000nam a22000007a 4500
008 210615b ||||| |||| 00| 0 eng d
020 |a 97803902415 
100 |a ALAGOA, E.J 
245 |a Festac remembered   |b Cultural intolerance in Nigerian Nation  |c E.J Alagoa  |g 23p 
260 |b National Theatre  |c 2007  |h Lagos  |i 695613  |l DT515.57.Al1  |m World Black and African Festival of Arts and Culture 
500 |a It includes Bibliography 
942 |a lcc  |c BK  |e Olagoke, M.A  |f 15/06/2021 
952 |0 0  |1 0  |2 lcc  |4 0  |6 DT051557 A L1  |7 0  |9 2595  |a HOL  |b HOL  |c AF  |d 2021-06-15  |l 0  |o DT515.57.Al1  |p 2021-6444  |r 2021-06-15 00:00:00  |w 2021-06-15  |y BK 
999 |c 1359  |d 1359